000 00661nam a2200229Ia 4500
005 20250508163613.0
008 008 250505s9999 xx 000 0 eng d
020 _a0-442-25862-3
037 _aReference
040 _aFEDL
_beng
_cFEDL
041 _aeng
_2eng
084 _a155.5, HAV
_qFEDL
100 _aHaviland Jeannette M
_9775719
245 0 _aAdolescent development in contemporary society
260 _aNew York, USA
_bD Van Nostrand
_c1981
300 _axvii,337p.
365 _aINR
_b120
650 _aAdolescent psychology
700 _a Scarborough Hollis S
_9775720
942 _cREF
_h155.5, HAV
999 _c1384303
_d1384303